[Event "DEM U14w 2019"]
[Site "Willingen GER"]
[Date "2019.06.12"]
[Round "5"]
[White "Heutling, Elina"]
[Black "Bildat, Emilia"]
[Result "1/2-1/2"]
[Termination "normal"]
[Board "6"]
[WhiteElo "1712"]
[BlackElo "1649"]
[WhiteClock "00:01:32"]
[BlackClock "00:43:29"]
[PlyCount "80"]
[WhiteFideId "16244729"]
[BlackFideId "16218140"]
[EventCountry "GER"]
[EventRounds "9"]
[EventType "swiss"]
[EventDate "2019.06.08"]

1. e4 {[%clk 1:30:58]} 1... c5 {[%clk 1:30:52]} 2. Nf3 {[%clk 1:31:21]} 2...
Nc6 {[%clk 1:31:09]} 3. d4 {[%clk 1:31:22]} 3... cxd4 {[%clk 1:31:33]} 4. Nxd4
{[%clk 1:31:47]} 4... g6 {[%clk 1:31:58]} 5. c4 {[%clk 1:32:06]} 5... Bg7 {
[%clk 1:32:14]} 6. Be3 {[%clk 1:32:09]} 6... Nf6 {[%clk 1:32:25]} 7. Nc3 {
[%clk 1:32:20]} 7... O-O {[%clk 1:32:36]} 8. Be2 {[%clk 1:32:09]} 8... d6 {
[%clk 1:32:42]} 9. f3 {[%clk 1:31:11]} 9... Nxd4 {[%clk 1:32:39]} 10. Bxd4 {
[%clk 1:31:13]} 10... Be6 {[%clk 1:32:08]} 11. Qd2 {[%clk 1:28:41]} 11... Nd7 {
[%clk 1:30:30]} 12. Be3 {[%clk 1:28:35]} 12... Rc8 {[%clk 1:29:30]} 13. Nd5 {
[%clk 1:23:52]} 13... Nc5 {[%clk 1:28:34]} 14. Rc1 {[%clk 1:19:15]} 14... a5 {
[%clk 1:26:28]} 15. O-O {[%clk 1:17:45]} 15... a4 {[%clk 1:23:28]} 16. Rb1 {
[%clk 1:00:46]} 16... f5 {[%clk 1:20:01]} 17. Bg5 {[%clk 0:53:42]} 17... Rf7 {
[%clk 1:18:52]} 18. Qe3 {[%clk 0:44:08]} 18... fxe4 {[%clk 1:14:13]} 19. fxe4 {
[%clk 0:41:35]} 19... Bf6 {[%clk 1:13:51]} 20. Nxf6+ {[%clk 0:35:48]} 20...
exf6 {[%clk 1:13:51]} 21. Bh4 {[%clk 0:35:55]} 21... Nd7 {[%clk 1:12:38]} 22.
b3 {[%clk 0:33:00]} 22... axb3 {[%clk 1:10:54]} 23. axb3 {[%clk 0:33:19]} 23...
Qa5 {[%clk 1:10:34]} 24. Kh1 {[%clk 0:26:43]} 24... f5 {[%clk 1:05:21]} 25. Ra1
{[%clk 0:22:13]} 25... Qe5 {[%clk 1:03:58]} 26. Bg3 {[%clk 0:18:42]} 26... Qxe4
{[%clk 1:02:34]} 27. Qxe4 {[%clk 0:18:55]} 27... fxe4 {[%clk 1:02:58]} 28. Rxf7
{[%clk 0:16:49]} 28... Kxf7 {[%clk 1:01:58]} 29. Bxd6 {[%clk 0:16:51]} 29...
Nc5 {[%clk 0:58:57]} 30. Ra7 {[%clk 0:13:23]} 30... Kf6 {[%clk 0:55:52]} 31.
Bxc5 {[%clk 0:11:31]} 31... Rxc5 {[%clk 0:55:59]} 32. b4 {[%clk 0:07:34]} 32...
Rc7 {[%clk 0:55:25]} 33. c5 {[%clk 0:07:08]} 33... Bd5 {[%clk 0:54:04]} 34. Kg1
{[%clk 0:04:04]} 34... Ke5 {[%clk 0:53:26]} 35. Kf2 {[%clk 0:03:31]} 35... Kd4
{[%clk 0:53:26]} 36. Ra3 {[%clk 0:03:36]} 36... Rf7+ {[%clk 0:53:06]} 37. Ke1 {
[%clk 0:02:54]} 37... e3 {[%clk 0:51:02]} 38. Rd3+ {[%clk 0:01:32]} 38... Ke4 {
[%clk 0:51:07]} 39. Rd1 {[%clk 0:01:42]} 39... Ke5 {[%clk 0:44:03]} 40. Rd3 {
[%clk 0:01:32]} 40... Ke4 {[%clk 0:43:29]} 1/2-1/2

[Event "DEM U14w 2019"]
[Site "Willingen GER"]
[Date "2019.06.12"]
[Round "5"]
[White "Kalina, Lena"]
[Black "Liu, Sijia Anna"]
[Result "1-0"]
[Termination "normal"]
[Board "7"]
[WhiteElo "1687"]
[BlackElo "1689"]
[WhiteClock "00:07:56"]
[BlackClock "00:11:57"]
[PlyCount "77"]
[WhiteFideId "12988014"]
[BlackFideId "12989746"]
[EventCountry "GER"]
[EventRounds "9"]
[EventType "swiss"]
[EventDate "2019.06.08"]

1. d4 {[%clk 1:30:58]} 1... Nf6 {[%clk 1:30:52]} 2. Nf3 {[%clk 1:31:16]} 2...
g6 {[%clk 1:31:08]} 3. g3 {[%clk 1:31:32]} 3... Bg7 {[%clk 1:31:22]} 4. Bg2 {
[%clk 1:31:37]} 4... O-O {[%clk 1:31:19]} 5. b3 {[%clk 1:31:34]} 5... d6 {
[%clk 1:29:07]} 6. Bb2 {[%clk 1:31:08]} 6... Nc6 {[%clk 1:28:16]} 7. Nc3 {
[%clk 1:25:19]} 7... a6 {[%clk 1:25:23]} 8. Qd2 {[%clk 1:17:31]} 8... Rb8 {
[%clk 1:23:06]} 9. a3 {[%clk 1:08:35]} 9... Bd7 {[%clk 1:16:38]} 10. e4 { [%clk
1:01:54]} 10... Re8 {[%clk 1:12:55]} 11. O-O-O {[%clk 0:59:12]} 11... b5 {[%clk
1:09:31]} 12. e5 {[%clk 0:53:35]} 12... Ng4 {[%clk 1:02:04]} 13. Kb1 { [%clk
0:46:22]} 13... dxe5 {[%clk 1:00:07]} 14. dxe5 {[%clk 0:45:42]} 14... Ngxe5
{[%clk 0:59:00]} 15. Nxe5 {[%clk 0:43:41]} 15... Nxe5 {[%clk 0:58:27]} 16. f4
{[%clk 0:42:32]} 16... Nc4 {[%clk 0:50:18]} 17. Qxd7 {[%clk 0:39:32]} 17...
Qxd7 {[%clk 0:49:27]} 18. Rxd7 {[%clk 0:39:32]} 18... Nxa3+ { [%clk 0:47:21]}
19. Bxa3 {[%clk 0:34:58]} 19... b4 {[%clk 0:45:42]} 20. Bc1 { [%clk 0:32:57]}
20... Bxc3 {[%clk 0:43:48]} 21. Bb2 {[%clk 0:31:50]} 21... c5 { [%clk 0:35:55]}
22. Bxc3 {[%clk 0:29:00]} 22... bxc3 {[%clk 0:36:16]} 23. Bd5 { [%clk 0:28:26]}
23... e6 {[%clk 0:35:13]} 24. Bc4 {[%clk 0:28:01]} 24... Rb4 { [%clk 0:30:18]}
25. Rhd1 {[%clk 0:24:15]} 25... Kg7 {[%clk 0:27:41]} 26. Rd8 { [%clk 0:23:52]}
26... Rxd8 {[%clk 0:25:03]} 27. Rxd8 {[%clk 0:24:15]} 27... Rb7 {[%clk
0:22:42]} 28. Bxa6 {[%clk 0:23:38]} 28... Ra7 {[%clk 0:22:06]} 29. Bc4 { [%clk
0:23:23]} 29... Kf6 {[%clk 0:21:05]} 30. Rd3 {[%clk 0:21:45]} 30... Kf5 { [%clk
0:20:46]} 31. h3 {[%clk 0:20:23]} 31... g5 {[%clk 0:18:20]} 32. fxg5 { [%clk
0:19:20]} 32... Kxg5 {[%clk 0:18:39]} 33. Rxc3 {[%clk 0:15:14]} 33... h6 {[%clk
0:16:09]} 34. Be2 {[%clk 0:11:43]} 34... Ra5 {[%clk 0:14:28]} 35. Rc4 { [%clk
0:09:40]} 35... f5 {[%clk 0:12:06]} 36. Ra4 {[%clk 0:08:24]} 36... Rxa4 { [%clk
0:11:40]} 37. bxa4 {[%clk 0:08:48]} 37... f4 {[%clk 0:12:00]} 38. gxf4+ { [%clk
0:08:05]} 38... Kxf4 {[%clk 0:11:57]} 39. a5 {[%clk 0:07:56]} 1-0

[Event "DEM U14w 2019"]
[Site "Willingen GER"]
[Date "2019.06.12"]
[Round "5"]
[White "Peglau, Mirjam"]
[Black "Sinner, Joselyne"]
[Result "1-0"]
[Termination "normal"]
[Board "10"]
[WhiteElo "1746"]
[BlackElo "1521"]
[WhiteClock "01:39:01"]
[BlackClock "00:30:46"]
[PlyCount "74"]
[WhiteFideId "16211138"]
[BlackFideId "16210387"]
[EventCountry "GER"]
[EventRounds "9"]
[EventType "swiss"]
[EventDate "2019.06.08"]

1. e4 {[%clk 1:30:59]} 1... e5 {[%clk 1:30:55]} 2. Nc3 {[%clk 1:31:22]} 2...
Bc5 {[%clk 1:24:04]} 3. Bc4 {[%clk 1:30:39]} 3... Nf6 {[%clk 1:22:30]} 4. d3 {
[%clk 1:30:36]} 4... Nc6 {[%clk 1:15:29]} 5. Nf3 {[%clk 1:29:50]} 5... a6 {
[%clk 0:56:54]} 6. Bg5 {[%clk 1:26:16]} 6... h6 {[%clk 0:52:34]} 7. Be3 { [%clk
1:24:07]} 7... Be7 {[%clk 0:45:44]} 8. Qe2 {[%clk 1:20:31]} 8... d6 { [%clk
0:45:29]} 9. O-O-O {[%clk 1:18:18]} 9... Bg4 {[%clk 0:40:28]} 10. h3 { [%clk
1:16:57]} 10... Bh5 {[%clk 0:38:17]} 11. g4 {[%clk 1:16:38]} 11... Bg6 { [%clk
0:38:40]} 12. Nd2 {[%clk 1:10:16]} 12... Qd7 {[%clk 0:37:28]} 13. f4 { [%clk
1:10:13]} 13... Na5 {[%clk 0:25:16]} 14. f5 {[%clk 1:07:14]} 14... Bh7 { [%clk
0:24:34]} 15. h4 {[%clk 1:07:08]} 15... Nxc4 {[%clk 0:23:18]} 16. Nxc4 { [%clk
1:07:37]} 16... O-O-O {[%clk 0:23:36]} 17. g5 {[%clk 1:07:34]} 17... hxg5
{[%clk 0:23:51]} 18. hxg5 {[%clk 1:08:03]} 18... Nxe4 {[%clk 0:14:04]} 19. dxe4
{[%clk 1:08:14]} 19... Rde8 {[%clk 0:04:07]} 20. Rh2 {[%clk 1:08:11]} 20...
Bxf5 {[%clk 0:02:18]} 21. exf5 {[%clk 1:08:09]} 21... Qxf5 {[%clk 0:01:56]} 22.
Rf2 {[%clk 1:08:30]} 22... Qg6 {[%clk 0:01:35]} 23. Qg4+ {[%clk 1:08:42]} 23...
Kb8 {[%clk 0:01:51]} 24. Nd5 {[%clk 1:08:18]} 24... Bd8 {[%clk 0:01:41]} 25.
Qf5 {[%clk 1:07:47]} 25... Qxf5 {[%clk 0:01:07]} 26. Rxf5 {[%clk 1:08:16]}
26... g6 {[%clk 0:00:55]} 27. Rxf7 {[%clk 1:08:26]} 27... Rhf8 {[%clk 0:01:09]}
28. Rdf1 {[%clk 1:08:44]} 28... Rxf7 {[%clk 0:00:57]} 29. Rxf7 {[%clk 1:09:13]}
29... Rh8 {[%clk 0:00:54]} 30. Rg7 {[%clk 1:09:23]} 30... Rh1+ {[%clk 0:00:42]}
31. Kd2 {[%clk 1:09:44]} 31... Rh2+ {[%clk 0:00:59]} 32. Kd3 {[%clk 1:09:49]}
32... c6 {[%clk 0:00:57]} 33. Ndb6 {[%clk 1:09:54]} 33... Bxb6 {[%clk 0:00:33]}
34. Bxb6 {[%clk 1:09:31]} 34... Kc8 {[%clk 0:00:54]} 35. Rc7+ {[%clk 1:09:05]}
35... Kb8 {[%clk 0:30:30]} 36. Nxd6 {[%clk 1:39:01]} 36... Rh8 {[%clk 0:30:31]}
37. Rxb7+ 37... Ka8 {[%clk 0:30:46]} 1-0

[Event "DEM U14w 2019"]
[Site "Willingen GER"]
[Date "2019.06.12"]
[Round "5"]
[White "Becker, Linda"]
[Black "Wagner, Margarethe"]
[Result "0-1"]
[Termination "normal"]
[Board "11"]
[WhiteElo "1683"]
[BlackElo "1741"]
[WhiteClock "00:32:04"]
[BlackClock "00:16:12"]
[PlyCount "86"]
[WhiteFideId "16244753"]
[BlackFideId "16236947"]
[EventCountry "GER"]
[EventRounds "9"]
[EventType "swiss"]
[EventDate "2019.06.08"]

1. e4 {[%clk 1:30:59]} 1... e5 {[%clk 1:30:51]} 2. Nf3 {[%clk 1:31:21]} 2...
Nc6 {[%clk 1:31:12]} 3. d4 {[%clk 1:31:41]} 3... exd4 {[%clk 1:31:29]} 4. Nxd4
{[%clk 1:32:01]} 4... Bc5 {[%clk 1:31:37]} 5. Be3 {[%clk 1:32:17]} 5... Qf6 {
[%clk 1:31:17]} 6. c3 {[%clk 1:32:31]} 6... Nge7 {[%clk 1:31:06]} 7. Bc4 {
[%clk 1:32:13]} 7... b6 {[%clk 1:30:07]} 8. Nc2 {[%clk 1:30:41]} 8... Bxe3 {
[%clk 1:20:22]} 9. Nxe3 {[%clk 1:30:56]} 9... Bb7 {[%clk 1:17:16]} 10. Nd2 {
[%clk 1:29:38]} 10... Ne5 {[%clk 1:12:11]} 11. Be2 {[%clk 1:26:28]} 11... O-O-O
{[%clk 1:07:07]} 12. a4 {[%clk 1:20:47]} 12... d5 {[%clk 0:58:16]} 13. O-O {
[%clk 1:15:13]} 13... dxe4 {[%clk 0:53:14]} 14. a5 {[%clk 1:15:19]} 14... Qd6 {
[%clk 0:51:08]} 15. axb6 {[%clk 1:03:59]} 15... Qxd2 {[%clk 0:44:59]} 16. bxa7
{[%clk 1:00:12]} 16... Qxd1 {[%clk 0:43:05]} 17. Ba6 {[%clk 0:58:26]} 17...
Qxf1+ {[%clk 0:40:35]} 18. Rxf1 {[%clk 0:58:12]} 18... Kd7 {[%clk 0:39:37]} 19.
Bxb7 {[%clk 0:56:45]} 19... Ra8 {[%clk 0:39:41]} 20. Rd1+ {[%clk 0:55:40]}
20... Ke6 {[%clk 0:39:48]} 21. Bxa8 {[%clk 0:53:49]} 21... Rxa8 {[%clk 0:40:11]
} 22. Rd4 {[%clk 0:51:22]} 22... Rxa7 {[%clk 0:38:12]} 23. Rxe4 {[%clk 0:50:58]
} 23... Ra1+ {[%clk 0:37:11]} 24. Nf1 {[%clk 0:51:19]} 24... Kd5 { [%clk
0:35:52]} 25. Rd4+ {[%clk 0:49:36]} 25... Ke6 {[%clk 0:34:16]} 26. f3 { [%clk
0:48:51]} 26... N7c6 {[%clk 0:33:11]} 27. Re4 {[%clk 0:46:52]} 27... Kd6 {[%clk
0:31:12]} 28. Re2 {[%clk 0:44:35]} 28... Kc5 {[%clk 0:28:24]} 29. Kf2 { [%clk
0:43:43]} 29... Nd3+ {[%clk 0:28:04]} 30. Kg1 {[%clk 0:41:48]} 30... Kc4 {[%clk
0:26:12]} 31. Rd2 {[%clk 0:40:39]} 31... Rb1 {[%clk 0:24:11]} 32. g3 { [%clk
0:34:59]} 32... Nce5 {[%clk 0:22:36]} 33. Kg2 {[%clk 0:34:31]} 33... Rxb2
{[%clk 0:21:19]} 34. Rxb2 {[%clk 0:34:26]} 34... Nxb2 {[%clk 0:21:43]} 35. Ne3+
{[%clk 0:34:26]} 35... Kd3 {[%clk 0:22:02]} 36. Kf2 {[%clk 0:34:01]} 36... c5 {
[%clk 0:20:46]} 37. f4 {[%clk 0:34:11]} 37... Nec4 {[%clk 0:20:04]} 38. Nf5 {
[%clk 0:33:38]} 38... g6 {[%clk 0:20:00]} 39. Nh6 {[%clk 0:33:46]} 39... Nd6 {
[%clk 0:20:04]} 40. Kf3 {[%clk 0:33:27]} 40... Kxc3 {[%clk 0:19:46]} 41. Ng4 {
[%clk 0:32:24]} 41... Kd2 {[%clk 0:19:12]} 42. Nf6 {[%clk 0:31:53]} 42... c4 {
[%clk 0:18:44]} 43. Nd5 {[%clk 0:32:04]} 43... f5 {[%clk 0:16:12]} 0-1

[Event "DEM U14w 2019"]
[Site "Willingen GER"]
[Date "2019.06.12"]
[Round "5"]
[White "Avetyan, Manan"]
[Black "Berghold, Lotta"]
[Result "1/2-1/2"]
[Termination "normal"]
[Board "12"]
[WhiteElo "1307"]
[BlackElo "1471"]
[WhiteClock "00:08:21"]
[BlackClock "00:09:41"]
[PlyCount "56"]
[WhiteFideId "16244737"]
[BlackFideId "16243463"]
[EventCountry "GER"]
[EventRounds "9"]
[EventType "swiss"]
[EventDate "2019.06.08"]

1. e4 {[%clk 1:30:59]} 1... e5 {[%clk 1:30:57]} 2. Nf3 {[%clk 1:31:24]} 2...
Nc6 {[%clk 1:31:20]} 3. d4 {[%clk 1:31:50]} 3... exd4 {[%clk 1:31:46]} 4. Nxd4
{[%clk 1:32:17]} 4... Qh4 {[%clk 1:32:10]} 5. Nc3 {[%clk 1:32:41]} 5... Bb4 {
[%clk 1:32:27]} 6. Be2 {[%clk 1:32:46]} 6... Qxe4 {[%clk 1:28:51]} 7. Ndb5 {
[%clk 1:32:00]} 7... Bxc3+ {[%clk 1:29:02]} 8. bxc3 {[%clk 1:32:04]} 8... Kd8 {
[%clk 1:28:58]} 9. O-O {[%clk 1:30:09]} 9... a6 {[%clk 1:21:48]} 10. Nd4 {
[%clk 1:22:21]} 10... Nxd4 {[%clk 1:22:00]} 11. cxd4 {[%clk 1:22:36]} 11... Nf6
{[%clk 1:15:07]} 12. Bf3 {[%clk 1:12:22]} 12... Qf5 {[%clk 1:14:06]} 13. Re1 {
[%clk 1:08:50]} 13... Re8 {[%clk 1:10:54]} 14. Rxe8+ {[%clk 1:05:54]} 14...
Kxe8 {[%clk 1:09:33]} 15. Ba3 {[%clk 0:59:45]} 15... d6 {[%clk 1:04:52]} 16. c4
{[%clk 0:47:15]} 16... Rb8 {[%clk 0:42:42]} 17. Rb1 {[%clk 0:31:33]} 17... Qd7
{[%clk 0:27:10]} 18. Qd2 {[%clk 0:18:19]} 18... Kd8 {[%clk 0:18:38]} 19. Qg5 {
[%clk 0:15:13]} 19... Qf5 {[%clk 0:18:24]} 20. Qxf5 {[%clk 0:10:55]} 20... Bxf5
{[%clk 0:18:48]} 21. Rxb7 {[%clk 0:11:08]} 21... Rxb7 {[%clk 0:19:06]} 22. Bxb7
{[%clk 0:11:34]} 22... Bc8 {[%clk 0:19:00]} 23. Bf3 {[%clk 0:11:09]} 23... Be6
{[%clk 0:17:45]} 24. d5 {[%clk 0:10:23]} 24... Bg4 {[%clk 0:17:42]} 25. Bxg4 {
[%clk 0:10:46]} 25... Nxg4 {[%clk 0:18:07]} 26. Bb2 {[%clk 0:10:13]} 26... f6 {
[%clk 0:16:07]} 27. Bd4 {[%clk 0:09:27]} 27... Kd7 {[%clk 0:10:15]} 28. f4 {
[%clk 0:08:21]} 28... Nh6 {[%clk 0:09:41]} 1/2-1/2

[Event "DEM U14w 2019"]
[Site "Willingen GER"]
[Date "2019.06.12"]
[Round "5"]
[White "Werner, Rosalie"]
[Black "Margaryan, Susanna"]
[Result "0-1"]
[Termination "normal"]
[Board "14"]
[WhiteElo "1610"]
[BlackElo "1187"]
[PlyCount "94"]
[WhiteFideId "16223748"]
[BlackFideId "16268210"]
[EventCountry "GER"]
[EventRounds "9"]
[EventType "swiss"]
[EventDate "2019.06.08"]

1. e4 d5 2. exd5 Qxd5 3. Nc3 Qa5 4. d4 c6 5. Nf3 Bf5 6. Bc4 Nf6 7. Bd2 e6 8.
Nd5 Qd8 9. Nxf6+ Qxf6 10. O-O Bg4 11. c3 Bxf3 12. Qxf3 Qxf3 13. gxf3 Bd6 14.
Rfe1 O-O 15. Kh1 Nd7 16. Rg1 g6 17. Bh6 Rfe8 18. h4 Bf8 19. Bxf8 Kxf8 20. f4
Nf6 21. Rae1 Nd5 22. Bxd5 exd5 23. Re3 Rxe3 24. fxe3 Re8 25. Rg3 h5 26. Kg2 Kg7
27. Kf3 a6 28. Rg2 Rc8 29. Rg1 b5 30. e4 dxe4+ 31. Kxe4 Re8+ 32. Kd3 Kf6 33. b3
Kf5 34. Rf1 Re4 35. c4 bxc4+ 36. bxc4 Rxf4 37. Rxf4+ Kxf4 38. c5 Kf5 39. Ke3
Ke6 40. Ke4 f6 41. Ke3 g5 42. hxg5 fxg5 43. Ke4 h4 44. d5+ cxd5+ 45. Kf3 h3 46.
Kg3 g4 47. a3 d4 0-1

[Event "DEM U14w 2019"]
[Site "Willingen GER"]
[Date "2019.06.12"]
[Round "6"]
[White "Bashylina, Luisa"]
[Black "Doll, Rebecca"]
[Result "1/2-1/2"]
[Termination "normal"]
[Board "1"]
[WhiteTitle "WCM"]
[WhiteElo "1812"]
[BlackElo "1678"]
[WhiteClock "00:42:20"]
[BlackClock "00:50:13"]
[PlyCount "41"]
[WhiteFideId "12983292"]
[BlackFideId "16236890"]
[EventCountry "GER"]
[EventRounds "9"]
[EventType "swiss"]
[EventDate "2019.06.08"]

1. e4 {[%clk 1:30:56]} 1... e5 {[%clk 1:30:55]} 2. Nf3 {[%clk 1:31:23]} 2...
Nc6 {[%clk 1:31:19]} 3. Bb5 {[%clk 1:31:40]} 3... a6 {[%clk 1:31:43]} 4. Bxc6 {
[%clk 1:32:08]} 4... dxc6 {[%clk 1:32:06]} 5. O-O {[%clk 1:32:33]} 5... Bg4 {
[%clk 1:32:24]} 6. h3 {[%clk 1:32:53]} 6... h5 {[%clk 1:32:06]} 7. d3 { [%clk
1:32:53]} 7... Qf6 {[%clk 1:32:07]} 8. Be3 {[%clk 1:32:21]} 8... Bxf3 { [%clk
1:30:24]} 9. Qxf3 {[%clk 1:32:47]} 9... Qxf3 {[%clk 1:30:38]} 10. gxf3 { [%clk
1:33:13]} 10... g6 {[%clk 1:30:17]} 11. Nd2 {[%clk 1:33:16]} 11... Bg7 { [%clk
1:28:17]} 12. a4 {[%clk 1:29:31]} 12... O-O-O {[%clk 1:20:40]} 13. a5 { [%clk
1:20:30]} 13... f5 {[%clk 1:13:26]} 14. Nb3 {[%clk 1:16:02]} 14... Nh6 { [%clk
1:04:55]} 15. Nc5 {[%clk 1:15:29]} 15... Bf6 {[%clk 1:02:19]} 16. f4 { [%clk
1:04:41]} 16... exf4 {[%clk 0:52:09]} 17. Bxf4 {[%clk 1:04:05]} 17... Nf7
{[%clk 0:50:52]} 18. Ne6 {[%clk 0:42:42]} 18... Rd7 {[%clk 0:50:12]} 19. Nc5 {
[%clk 0:42:04]} 19... Rdd8 {[%clk 0:49:54]} 20. Ne6 {[%clk 0:42:20]} 20... Rd7
{[%clk 0:50:13]} 21. Nc5 1/2-1/2

[Event "DEM U14w 2019"]
[Site "Willingen GER"]
[Date "2019.06.12"]
[Round "6"]
[White "Reuter, Elisa"]
[Black "Buchholz, Maja"]
[Result "1-0"]
[Termination "normal"]
[Board "2"]
[WhiteElo "1923"]
[BlackElo "1657"]
[WhiteClock "00:42:40"]
[BlackClock "00:54:20"]
[PlyCount "67"]
[WhiteFideId "12995444"]
[BlackFideId "16200500"]
[EventCountry "GER"]
[EventRounds "9"]
[EventType "swiss"]
[EventDate "2019.06.08"]

1. e4 {[%clk 1:30:59]} 1... e6 {[%clk 1:30:56]} 2. d4 {[%clk 1:31:24]} 2... d5
{[%clk 1:31:21]} 3. Nc3 {[%clk 1:31:47]} 3... Nf6 {[%clk 1:31:45]} 4. Bg5 {
[%clk 1:32:14]} 4... Be7 {[%clk 1:32:08]} 5. e5 {[%clk 1:32:36]} 5... Nfd7 {
[%clk 1:32:33]} 6. h4 {[%clk 1:33:03]} 6... a6 {[%clk 1:32:35]} 7. Qg4 { [%clk
1:33:28]} 7... Bxg5 {[%clk 1:32:45]} 8. hxg5 {[%clk 1:33:48]} 8... c5 { [%clk
1:32:55]} 9. g6 {[%clk 1:33:22]} 9... f5 {[%clk 1:33:05]} 10. Qf4 { [%clk
1:28:04]} 10... h6 {[%clk 1:32:57]} 11. Nf3 {[%clk 1:27:45]} 11... Nc6 { [%clk
1:32:43]} 12. Ne2 {[%clk 1:10:33]} 12... Qb6 {[%clk 1:31:47]} 13. O-O-O { [%clk
1:05:20]} 13... c4 {[%clk 1:30:09]} 14. g4 {[%clk 1:03:28]} 14... Nf8 { [%clk
1:26:00]} 15. Nh4 {[%clk 0:58:36]} 15... Qc7 {[%clk 1:24:35]} 16. gxf5 { [%clk
0:56:03]} 16... exf5 {[%clk 1:24:27]} 17. Rg1 {[%clk 0:55:42]} 17... Ne7 {[%clk
1:21:58]} 18. Qf3 {[%clk 0:53:34]} 18... b5 {[%clk 1:20:49]} 19. Ng3 { [%clk
0:51:05]} 19... Nfxg6 {[%clk 1:13:01]} 20. Nxg6 {[%clk 0:46:08]} 20... Nxg6
{[%clk 1:12:59]} 21. Qxd5 {[%clk 0:41:03]} 21... Ra7 {[%clk 1:08:53]} 22. Nh5
{[%clk 0:39:59]} 22... Qf7 {[%clk 1:04:00]} 23. Qc6+ {[%clk 0:40:09]} 23... Bd7
{[%clk 1:01:00]} 24. Qxg6 {[%clk 0:40:30]} 24... Qxg6 {[%clk 1:01:08]} 25. Rxg6
{[%clk 0:40:51]} 25... Ra8 {[%clk 0:58:28]} 26. Rxg7 {[%clk 0:41:10]} 26... Bc6
{[%clk 0:58:11]} 27. Bg2 {[%clk 0:40:57]} 27... Bxg2 {[%clk 0:57:53]} 28. Rxg2
{[%clk 0:41:22]} 28... Kf7 {[%clk 0:56:17]} 29. Nf6 {[%clk 0:41:41]} 29... Rad8
{[%clk 0:55:14]} 30. d5 {[%clk 0:42:07]} 30... Rhf8 {[%clk 0:54:26]} 31. Rdg1
{[%clk 0:42:27]} 31... Rh8 {[%clk 0:53:49]} 32. Rg7+ {[%clk 0:42:39]} 32... Kf8
{[%clk 0:54:12]} 33. e6 {[%clk 0:43:00]} 33... Rd6 {[%clk 0:54:20]} 34. e7#
{[%clk 0:42:40]} 1-0

[Event "DEM U14w 2019"]
[Site "Willingen GER"]
[Date "2019.06.12"]
[Round "6"]
[White "Butenandt, Svenja"]
[Black "Kalina, Lena"]
[Result "1-0"]
[Termination "normal"]
[Board "4"]
[WhiteElo "1722"]
[BlackElo "1687"]
[WhiteClock "00:34:27"]
[BlackClock "00:35:04"]
[PlyCount "59"]
[WhiteFideId "12993859"]
[BlackFideId "12988014"]
[EventCountry "GER"]
[EventRounds "9"]
[EventType "swiss"]
[EventDate "2019.06.08"]

1. d4 {[%clk 1:30:58]} 1... Nf6 {[%clk 1:30:52]} 2. c4 {[%clk 1:31:24]} 2... g6
{[%clk 1:31:17]} 3. Nc3 {[%clk 1:31:51]} 3... Bg7 {[%clk 1:31:37]} 4. e4 {
[%clk 1:32:17]} 4... d6 {[%clk 1:31:45]} 5. Nf3 {[%clk 1:32:41]} 5... O-O {
[%clk 1:31:55]} 6. Be2 {[%clk 1:33:09]} 6... Bg4 {[%clk 1:32:08]} 7. Be3 {
[%clk 1:31:25]} 7... Nfd7 {[%clk 1:31:16]} 8. Rc1 {[%clk 1:29:09]} 8... Nc6 {
[%clk 1:29:45]} 9. d5 {[%clk 1:26:24]} 9... Bxf3 {[%clk 1:28:01]} 10. Bxf3 {
[%clk 1:21:52]} 10... Nce5 {[%clk 1:25:42]} 11. Be2 {[%clk 1:21:58]} 11... Nc5
{[%clk 1:22:44]} 12. b4 {[%clk 1:19:43]} 12... Na6 {[%clk 1:20:55]} 13. a3
13... c6 {[%clk 1:17:18]} 14. dxc6 {[%clk 1:15:03]} 14... bxc6 {[%clk 1:15:43]}
15. c5 {[%clk 1:14:09]} 15... Nc7 {[%clk 1:12:49]} 16. f4 {[%clk 1:13:38]}
16... Nd7 {[%clk 1:10:27]} 17. cxd6 {[%clk 1:13:54]} 17... exd6 {[%clk 1:05:41]
} 18. Qxd6 {[%clk 1:13:11]} 18... Ne8 {[%clk 0:59:33]} 19. Qd2 {[%clk 1:11:16]}
19... Qe7 {[%clk 0:52:52]} 20. e5 {[%clk 1:07:59]} 20... a5 {[%clk 0:47:22]}
21. Ne4 {[%clk 1:01:38]} 21... axb4 {[%clk 0:45:23]} 22. axb4 {[%clk 1:01:21]}
22... Rc8 {[%clk 0:43:33]} 23. Rd1 {[%clk 0:58:43]} 23... Rc7 {[%clk 0:42:17]}
24. Nc5 {[%clk 0:52:52]} 24... Nb6 {[%clk 0:39:17]} 25. Na6 {[%clk 0:51:26]}
25... Rd7 {[%clk 0:38:57]} 26. Qc1 {[%clk 0:44:32]} 26... Rxd1+ {[%clk 0:38:31]
} 27. Qxd1 {[%clk 0:44:12]} 27... Nd7 {[%clk 0:38:40]} 28. O-O {[%clk 0:39:29]}
28... Kh8 {[%clk 0:37:01]} 29. b5 {[%clk 0:35:26]} 29... c5 {[%clk 0:35:04]}
30. b6 {[%clk 0:34:27]} 1-0

[Event "DEM U14w 2019"]
[Site "Willingen GER"]
[Date "2019.06.12"]
[Round "6"]
[White "Gerber, Anna Sophie"]
[Black "Adelhardt, Lisa"]
[Result "1-0"]
[Termination "normal"]
[Board "5"]
[WhiteElo "1473"]
[BlackElo "1293"]
[WhiteClock "01:09:56"]
[BlackClock "00:41:37"]
[PlyCount "31"]
[WhiteFideId "16270231"]
[BlackFideId "16235380"]
[EventCountry "GER"]
[EventRounds "9"]
[EventType "swiss"]
[EventDate "2019.06.08"]

1. d4 {[%clk 1:30:59]} 1... Nf6 {[%clk 1:30:26]} 2. Nf3 {[%clk 1:31:12]} 2...
e6 {[%clk 1:30:15]} 3. g3 {[%clk 1:31:12]} 3... b6 {[%clk 1:27:43]} 4. Bg2 {
[%clk 1:31:10]} 4... Bb7 {[%clk 1:26:58]} 5. O-O {[%clk 1:31:00]} 5... Be7 {
[%clk 1:24:07]} 6. c4 {[%clk 1:30:47]} 6... O-O {[%clk 1:23:23]} 7. Nc3 { [%clk
1:30:43]} 7... d5 {[%clk 1:17:04]} 8. b3 {[%clk 1:28:47]} 8... dxc4 { [%clk
1:10:08]} 9. bxc4 {[%clk 1:28:19]} 9... c5 {[%clk 1:07:06]} 10. d5 { [%clk
1:25:27]} 10... exd5 {[%clk 1:06:31]} 11. Ne1 {[%clk 1:21:24]} 11... Ba6 {[%clk
0:56:16]} 12. cxd5 {[%clk 1:18:43]} 12... Qd6 {[%clk 0:50:33]} 13. Bf4 { [%clk
1:14:33]} 13... Qd7 {[%clk 0:43:33]} 14. d6 {[%clk 1:13:40]} 14... Bb7 { [%clk
0:42:57]} 15. dxe7 {[%clk 1:11:35]} 15... Qxe7 {[%clk 0:41:37]} 16. Bd6 { [%clk
1:09:56]} 1-0